000 01818nam a2200409 c 4500
999 _c96846
_d96846
003 BLK
005 20230407030329.0
008 180409b bul|||||r ||||||| ||bul||
010 _aKNG00101749000
040 _aBLK
041 _aBUL
_cBUL
072 7 _2bullib
_aА
_xФонд Михаил Арнаудов
080 _aБългарска литература
_b821.163.2
_x(092)
_z821.163.2(092)
080 _aБългарска литература
_b821.163.2
_x.09
_z821.163.2.09
080 _aБългарски поет и писател
_b929 Вазов, Иван Минчов
_z929 Вазов, Иван Минчов
100 1 _aБакалов, Георги Иванов
_eпърви автор
_9370516
139 _aБакалов, Георги Иванов
_bВ 15
245 1 0 _aИван Вазов и социализмът
_cГеорги Иванов Бакалов.
250 _a3. изд.
257 _aBGR
260 _bЗнание
_c1920
300 _a40 с.
_c16 см
380 _a82
490 1 _aУниверсална библиотека
_v31
490 _aЧастна колекция - Академик Михаил Арнаудов
_9396381
_gДарение - Основен фонд
500 _aЗа 1. и 2. изд. се счита статията Иван Вазов и социализмът, поместена в кн. Иван Вазов от същия авт. - Мека подв., неразрязана
600 1 4 _aВазов, Иван Минчов
_9363396
650 4 _aВазов, Иван Минчов
_9363396
650 4 _aБългарска литература - теми, образи, сюжети
_9242409
653 _aбългарска литература
653 _aИван Вазов
659 _aА
852 _aЦб МА 2836
856 4 _qpdf
856 4 _qpdf
942 _cKNG
_n0
_s1
944 _aCR
_c23.11.2016
_kГеновева_Генчева
944 _aED
_c23.11.2016
_kГеновева_Генчева
999 _d96846